<?xml version="1.0" encoding="UTF-8"?>
<collection xmlns="http://www.loc.gov/MARC21/slim">
    <record>
        <controlfield tag="001">174064</controlfield>
        <controlfield tag="005">20160817111439.0</controlfield>
        <datafield tag="022" ind1=" " ind2=" ">
            <subfield code="a">0250-7196</subfield>
        </datafield>
        <datafield tag="024" ind1="7" ind2=" ">
            <subfield code="2">ZDBID</subfield>
            <subfield code="a">PERI:(DE-600)2804355-8</subfield>
        </datafield>
        <datafield tag="024" ind1="7" ind2=" ">
            <subfield code="2">ZDBPPN</subfield>
            <subfield code="a">ZDPPN:106391602X</subfield>
        </datafield>
        <datafield tag="024" ind1="7" ind2=" ">
            <subfield code="2">SCOPUS</subfield>
            <subfield code="a">SCOPUS:21100211306</subfield>
        </datafield>
        <datafield tag="024" ind1="7" ind2=" ">
            <subfield code="2">Medline</subfield>
            <subfield code="a">medline:100967719</subfield>
        </datafield>
        <datafield tag="024" ind1="7" ind2=" ">
            <subfield code="2">ERA</subfield>
            <subfield code="a">ERA:7136</subfield>
        </datafield>
        <datafield tag="035" ind1=" " ind2=" ">
            <subfield code="a">PERI:(DE-600)2804355-8</subfield>
        </datafield>
        <datafield tag="082" ind1=" " ind2=" ">
            <subfield code="a">290</subfield>
        </datafield>
        <datafield tag="210" ind1="0" ind2=" ">
            <subfield code="2">iso</subfield>
            <subfield code="a">Hamdard Islam</subfield>
        </datafield>
        <datafield tag="210" ind1="0" ind2=" ">
            <subfield code="2">dnlm</subfield>
            <subfield code="a">Hamdard Islam</subfield>
        </datafield>
        <datafield tag="210" ind1="0" ind2=" ">
            <subfield code="2">iso</subfield>
            <subfield code="a">Hamdard Islam</subfield>
        </datafield>
        <datafield tag="245" ind1=" " ind2=" ">
            <subfield code="a">Hamdard islamicus</subfield>
            <subfield code="b">quarterly journal of the Hamdard National Foundation, Pakistan</subfield>
            <subfield code="h">print, online</subfield>
        </datafield>
        <datafield tag="246" ind1="3" ind2=" ">
            <subfield code="a">Hamdard Islamicus</subfield>
        </datafield>
        <datafield tag="260" ind1=" " ind2=" ">
            <subfield code="a">Karachi</subfield>
            <subfield code="b">Foundation</subfield>
        </datafield>
        <datafield tag="380" ind1=" " ind2=" ">
            <subfield code="2">marcgt</subfield>
            <subfield code="a">journal</subfield>
        </datafield>
        <datafield tag="500" ind1=" " ind2=" ">
            <subfield code="a">Automatically generated record. (Updated: 08/2016)</subfield>
        </datafield>
        <datafield tag="650" ind1=" " ind2="7">
            <subfield code="0">ERA:2204</subfield>
            <subfield code="2">ERA</subfield>
            <subfield code="a">Religion And Religious Studies</subfield>
        </datafield>
        <datafield tag="650" ind1=" " ind2="7">
            <subfield code="0">ASJC:3316</subfield>
            <subfield code="2">ASJC</subfield>
            <subfield code="a">Cultural Studies</subfield>
        </datafield>
        <datafield tag="650" ind1=" " ind2="7">
            <subfield code="0">ASJC:1212</subfield>
            <subfield code="2">ASJC</subfield>
            <subfield code="a">Religious studies</subfield>
        </datafield>
        <datafield tag="650" ind1=" " ind2="7">
            <subfield code="0">ASJC:1202</subfield>
            <subfield code="2">ASJC</subfield>
            <subfield code="a">History</subfield>
        </datafield>
        <datafield tag="650" ind1=" " ind2="7">
            <subfield code="0">ASJC:3320</subfield>
            <subfield code="2">ASJC</subfield>
            <subfield code="a">Political Science and International Relations</subfield>
        </datafield>
        <datafield tag="856" ind1="4" ind2=" ">
            <subfield code="u">http://ezb.uni-regensburg.de/2804355</subfield>
            <subfield code="y">EZB</subfield>
        </datafield>
        <datafield tag="909" ind1="C" ind2="O">
            <subfield code="o">oai:juser.fz-juelich.de:269208</subfield>
            <subfield code="p">authority</subfield>
            <subfield code="p">authority:PERI</subfield>
        </datafield>
        <datafield tag="909" ind1="C" ind2="O">
            <subfield code="o">oai:juser.fz-juelich.de:269208</subfield>
        </datafield>
        <datafield tag="915" ind1=" " ind2=" ">
            <subfield code="0">StatID:(DE-HGF)0200</subfield>
            <subfield code="2">StatID</subfield>
            <subfield code="a">DBCoverage</subfield>
            <subfield code="b">SCOPUS</subfield>
        </datafield>
        <datafield tag="915" ind1=" " ind2=" ">
            <subfield code="0">StatID:(DE-HGF)0300</subfield>
            <subfield code="2">StatID</subfield>
            <subfield code="a">DBCoverage</subfield>
            <subfield code="b">Medline</subfield>
        </datafield>
        <datafield tag="980" ind1=" " ind2=" ">
            <subfield code="a">PERI</subfield>
        </datafield>
        <datafield tag="980" ind1=" " ind2=" ">
            <subfield code="a">AUTHORITY</subfield>
        </datafield>
    </record>

    
</collection>